000 00460nam a2200145 4500
001 132225
003 ES-MaACL
005 20230906194130.0
007 t|
008 070214s1911 ag r ||||1| spa d
100 1 _aRomero, Antonio A.
_999305
245 1 4 _aLas escorias y tierras cocidas de las formaciones sedimentarias neogenas de la República Argentina /
_cAntonio A. Romero.
260 _aBuenos Aires :
_b[s. n.],
_c1911.
852 _aES-MaACL
_j1590-F-2
999 _c132225
_d132225